[Event "XtraCon-Skakligaen"]
[Site "Denmark"]
[Date "2011.12.04"]
[Round "3.2"]
[White "Rasmussen, Karsten"]
[Black "Greger, Roland Reinhard"]
[Result "1-0"]
[WhiteElo "2424"]
[BlackElo "2380"]
[PlyCount "133"]
[EventDate "2011.10.29"]
[EventType "team-tourn"]
[EventRounds "9"]
[WhiteTeam "Aarhus/Skolerne"]
[BlackTeam "K41"]
[WhiteTeamCountry "DEN"]
[BlackTeamCountry "DEN"]

1. Nf3 c5 2. c4 Nc6 3. Nc3 e5 4. e3 g6 5. d4 d6 6. dxc5 dxc5 7. Qxd8+ Kxd8 8.
b3 Nb4 9. Rb1 f6 10. a3 Nc6 11. Be2 Bf5 12. Rb2 Rc8 13. O-O Kc7 14. Rd1 Kb8 15.
Nd2 Nh6 16. Nde4 Bxe4 17. Nxe4 Be7 18. Nc3 f5 19. Nd5 Nf7 20. Bd2 Bd6 21. Bc3
Rhd8 22. h4 Ne7 23. Nf6 h5 24. Rbd2 Kc7 25. b4 b6 26. b5 e4 27. a4 Ng8 28. Nd5+
Kb7 29. a5 Be5 30. a6+ Kb8 31. Bxe5+ Nxe5 32. Nf4 Rxd2 33. Rxd2 Re8 34. f3 Nh6
35. Kf2 Nhf7 36. Kg3 Rg8 37. fxe4 fxe4 38. Nd5 g5 39. Nf6 gxh4+ 40. Kh2 Rg6 41.
Nxe4 Ng4+ 42. Bxg4 Rxg4 43. Nf6 Rxc4 44. Rd7 Ne5 45. Rb7+ Kc8 46. Rxa7 Ng4+ 47.
Nxg4 hxg4 48. Ra8+ Kc7 49. Rh8 Ra4 50. Rh6 c4 51. Rc6+ Kd7 52. Rxb6 c3 53. Rc6
Ra2 54. a7 Rxa7 55. Rxc3 Ra4 56. Rd3+ Kc7 57. Rd5 Re4 58. Rg5 Rb4 59. Rg6 h3
60. b6+ Kd8 61. Rg8+ Kd7 62. b7 Rxb7 63. Rg7+ Kc6 64. Rxb7 Kxb7 65. gxh3 gxh3
66. Kxh3 Kc6 67. Kg4 1-0

[Event "XtraCon-Skakligaen"]
[Site "Denmark"]
[Date "2011.12.04"]
[Round "3.3"]
[White "Nilsson, Sebastian"]
[Black "Skytte, Rasmus"]
[Result "1/2-1/2"]
[WhiteElo "2362"]
[BlackElo "2388"]
[PlyCount "46"]
[EventDate "2011.10.29"]
[EventType "team-tourn"]
[EventRounds "9"]
[WhiteTeam "K41"]
[BlackTeam "Aarhus/Skolerne"]
[WhiteTeamCountry "DEN"]
[BlackTeamCountry "DEN"]

1. e4 e5 2. Nf3 d6 3. d4 Nd7 4. Nc3 Ngf6 5. Bc4 Be7 6. O-O c6 7. a4 h6 8. Re1
Qc7 9. Ba2 g5 10. Qd3 Rh7 11. Be3 Nh5 12. a5 Nf4 13. Qc4 Nf6 14. dxe5 dxe5 15.
Nd5 N6xd5 16. exd5 Nxd5 17. Qd3 Rg7 18. Bxd5 cxd5 19. Qxd5 f6 20. Nd2 Qc6 21.
Qxc6+ bxc6 22. Nb3 Bf5 23. Re2 Be6 1/2-1/2

[Event "XtraCon-Skakligaen"]
[Site "Denmark"]
[Date "2011.12.04"]
[Round "3.4"]
[White "Christensen, Tobias"]
[Black "Schmidt, Kristen"]
[Result "1-0"]
[WhiteElo "2346"]
[BlackElo "2303"]
[PlyCount "37"]
[EventDate "2011.10.29"]
[EventType "team-tourn"]
[EventRounds "9"]
[WhiteTeam "Aarhus/Skolerne"]
[BlackTeam "K41"]
[WhiteTeamCountry "DEN"]
[BlackTeamCountry "DEN"]

1. e4 c5 2. Ne2 Nc6 3. d3 d5 4. exd5 Qxd5 5. Nbc3 Qd8 6. g3 Bg4 7. Bg2 Nd4 8.
h3 Bf3 9. O-O Nf6 10. Bxf3 Nxf3+ 11. Kg2 Nd4 12. Ne4 e6 13. Nxd4 cxd4 14. Nxf6+
gxf6 15. Qf3 Qe7 16. c3 dxc3 17. bxc3 O-O-O 18. Rb1 f5 19. Bg5 1-0

[Event "XtraCon-Skakligaen"]
[Site "Denmark"]
[Date "2011.12.04"]
[Round "3.5"]
[White "Christensen, Bo Garner"]
[Black "Ochsner, Bjorn Moller"]
[Result "1/2-1/2"]
[WhiteElo "2277"]
[BlackElo "2252"]
[PlyCount "99"]
[EventDate "2011.10.29"]
[EventType "team-tourn"]
[EventRounds "9"]
[WhiteTeam "K41"]
[BlackTeam "Aarhus/Skolerne"]
[WhiteTeamCountry "DEN"]
[BlackTeamCountry "DEN"]

1. f4 d5 2. Nf3 Nf6 3. e3 c5 4. b3 Nc6 5. Bb2 e6 6. Be2 Be7 7. O-O Qc7 8. a4
Bd7 9. Na3 a6 10. Ne5 O-O 11. d3 Rab8 12. Qe1 b5 13. axb5 axb5 14. Qg3 b4 15.
Nb1 d4 16. Nd2 Nxe5 17. fxe5 Nd5 18. exd4 cxd4 19. Nc4 Bc5 20. Kh1 Bb5 21. Bc1
Bxc4 22. dxc4 Ne3 23. Bxe3 dxe3 24. Bd3 Rbd8 25. Rf3 g6 26. Raf1 Bd4 27. Qh4
Qxe5 28. Rxf7 Rxf7 29. Qxd8+ Kg7 30. Rxf7+ Kxf7 31. Qd7+ Kf6 32. Qxh7 Qh5 33.
Qxh5 gxh5 34. g3 Ke5 35. Kg2 Bc5 36. Kf3 Kd4 37. h3 Be7 38. Ke2 h4 39. gxh4
Bxh4 40. c5 Kxc5 41. Kxe3 Kd6 42. Kd4 Be1 43. Kc4 Ke7 44. h4 Kf7 45. h5 Kg7 46.
Kc5 Bc3 47. Kd6 e5 48. Kd5 Kh8 49. h6 Bd2 50. h7 1/2-1/2

[Event "XtraCon-Skakligaen"]
[Site "Denmark"]
[Date "2011.12.04"]
[Round "3.6"]
[White "Pedersen, Finn"]
[Black "Naes, Flovin Tor"]
[Result "0-1"]
[WhiteElo "2285"]
[BlackElo "2260"]
[PlyCount "70"]
[EventDate "2011.10.29"]
[EventType "team-tourn"]
[EventRounds "9"]
[WhiteTeam "Aarhus/Skolerne"]
[BlackTeam "K41"]
[WhiteTeamCountry "DEN"]
[BlackTeamCountry "DEN"]

1. g3 d5 2. Bg2 c6 3. d3 e5 4. Nf3 Bd6 5. e4 Nf6 6. Bg5 dxe4 7. dxe4 h6 8. Bxf6
Qxf6 9. Nbd2 O-O 10. O-O Bc7 11. Qe2 Be6 12. Nc4 Na6 13. a4 Rfd8 14. Rfd1 Nc5
15. b3 Kh7 16. h3 g6 17. Nh4 Rxd1+ 18. Rxd1 Rd8 19. Rxd8 Qxd8 20. Nf3 f6 21.
Kh2 b5 22. axb5 cxb5 23. Nb2 Qd7 24. Ne1 a5 25. Ned3 Nxd3 26. Nxd3 Bb6 27. h4
h5 28. Bf3 a4 29. bxa4 bxa4 30. Kg2 a3 31. Nb4 Qd4 32. c3 Qxc3 33. Nd5 Qb2 34.
Nxf6+ Kg7 35. Ne8+ Kf8 0-1

[Event "XtraCon-Skakligaen"]
[Site "Denmark"]
[Date "2011.12.04"]
[Round "3.7"]
[White "Andreasen, Joan Hendrik"]
[Black "Jacobsen, Bo"]
[Result "0-1"]
[WhiteElo "2256"]
[BlackElo "2317"]
[PlyCount "106"]
[EventDate "2011.10.29"]
[EventType "team-tourn"]
[EventRounds "9"]
[WhiteTeam "K41"]
[BlackTeam "Aarhus/Skolerne"]
[WhiteTeamCountry "DEN"]
[BlackTeamCountry "DEN"]

1. d4 Nf6 2. Nf3 g6 3. c4 Bg7 4. Nc3 O-O 5. e4 d6 6. Be2 Bg4 7. Be3 Nfd7 8. Qd2
e5 9. d5 a5 10. Ng1 Bxe2 11. Ngxe2 Na6 12. f3 f5 13. O-O f4 14. Bf2 h5 15. Na4
g5 16. a3 Qe8 17. b4 Nf6 18. b5 Nb8 19. c5 Qxb5 20. Nec3 Qe8 21. Rab1 Qg6 22.
Rxb7 g4 23. Bh4 Na6 24. Kh1 Ne8 25. Rfb1 Bf6 26. Bxf6 Rxf6 27. R7b5 Nxc5 28.
Nxc5 dxc5 29. Rxc5 Rb6 30. Rcb5 Rab8 31. Qe2 g3 32. Qc4 Kf8 33. Qc5+ Qd6 34.
Qxd6+ Nxd6 35. Rxb6 Rxb6 36. hxg3 Rxb1+ 37. Nxb1 fxg3 38. Nd2 a4 39. Kg1 Ke7
40. Kf1 Kf6 41. Ke2 Kg5 42. Ke3 h4 43. f4+ exf4+ 44. Kd3 Nb5 45. Kc4 Nxa3+ 46.
Kc5 h3 47. gxh3 Kh4 48. Nf3+ Kxh3 49. e5 Kg4 50. e6 Kxf3 51. e7 g2 52. e8=Q
g1=Q+ 53. Kb4 Qd4+ 0-1

[Event "XtraCon-Skakligaen"]
[Site "Denmark"]
[Date "2011.12.04"]
[Round "3.8"]
[White "Hagen, Kresten Skytte"]
[Black "Stojanovski, Sandi"]
[Result "1-0"]
[WhiteElo "2190"]
[BlackElo "2232"]
[PlyCount "103"]
[EventDate "2011.10.29"]
[EventType "team-tourn"]
[EventRounds "9"]
[WhiteTeam "Aarhus/Skolerne"]
[BlackTeam "K41"]
[WhiteTeamCountry "DEN"]
[BlackTeamCountry "DEN"]

1. Nf3 Nf6 2. c4 c5 3. Nc3 e6 4. g3 b6 5. Bg2 Bb7 6. O-O d6 7. Re1 Be7 8. e4 a6
9. d4 cxd4 10. Nxd4 Qc7 11. Be3 O-O 12. Rc1 Nbd7 13. f4 Rac8 14. b3 Qb8 15. Bf2
Qa8 16. Qe2 h5 17. h3 Rfe8 18. f5 e5 19. Nf3 Nc5 20. Nd2 b5 21. g4 hxg4 22.
hxg4 Nfd7 23. b4 Na4 24. Nxa4 bxa4 25. Qe3 d5 26. exd5 Bxb4 27. Ne4 Bxe1 28.
Bxe1 Bxd5 29. cxd5 Rxc1 30. Qxc1 Rc8 31. Qg5 Qa7+ 32. Bf2 Qc7 33. d6 Qc1+ 34.
Qxc1 Rxc1+ 35. Bf1 a3 36. g5 Ra1 37. g6 Rxa2 38. gxf7+ Kf8 39. Nc5 Nf6 40. Bc4
Rc2 41. d7 Rd2 42. Ne6+ Kxf7 43. d8=Q Rxd8 44. Nxd8+ Ke7 45. Ne6 Ne4 46. Bh4+
Kd6 47. Be1 Ke7 48. Bd5 Nf6 49. Bb4+ Kf7 50. Ng5+ Ke8 51. Bf7+ Kd7 52. Bxa3 1-0

[Event "XtraCon-Skakligaen"]
[Site "Denmark"]
[Date "2011.12.04"]
[Round "3.1"]
[White "Matthiesen, Arne"]
[Black "Carstensen, Jacob"]
[Result "1/2-1/2"]
[WhiteElo "2316"]
[BlackElo "2372"]
[PlyCount "24"]
[EventDate "2011.10.29"]
[EventType "team-tourn"]
[EventRounds "9"]
[WhiteTeam "SK1968"]
[BlackTeam "Bronshoj"]
[WhiteTeamCountry "DEN"]
[BlackTeamCountry "DEN"]

1. d4 Nf6 2. Nf3 e6 3. g3 c5 4. Bg2 d5 5. O-O cxd4 6. Nxd4 e5 7. Nb3 Nc6 8. Bg5
Be6 9. Bxf6 gxf6 10. e3 Bg7 11. Qe2 e4 12. Rd1 Qe7 1/2-1/2

[Event "XtraCon-Skakligaen"]
[Site "Denmark"]
[Date "2011.12.04"]
[Round "3.2"]
[White "Pilgaard, Kim"]
[Black "Rewitz, Poul"]
[Result "1-0"]
[WhiteElo "2424"]
[BlackElo "2298"]
[PlyCount "55"]
[EventDate "2011.10.29"]
[EventType "team-tourn"]
[EventRounds "9"]
[WhiteTeam "Bronshoj"]
[BlackTeam "SK1968"]
[WhiteTeamCountry "DEN"]
[BlackTeamCountry "DEN"]

1. e4 c6 2. d4 d5 3. e5 Bf5 4. Nf3 e6 5. Be2 c5 6. Be3 Qb6 7. O-O Qxb2 8. c4
Ne7 9. Nbd2 Nbc6 10. Nb3 dxc4 11. Bxc4 Nd5 12. Bxd5 exd5 13. dxc5 Be7 14. Nfd4
Bd7 15. Bc1 Qc3 16. Nb5 Qxe5 17. Re1 Qb8 18. Nd6+ Kf8 19. Qxd5 Bxd6 20. cxd6
Be6 21. Qd2 Nd8 22. Ba3 b6 23. Rac1 h5 24. Nd4 Rh6 25. Rc7 Kg8 26. Qg5 b5 27.
Nf5 Rh7 28. Bb2 1-0

[Event "XtraCon-Skakligaen"]
[Site "Denmark"]
[Date "2011.12.04"]
[Round "3.3"]
[White "Matthiesen, Martin"]
[Black "Bromann, Thorbjorn"]
[Result "0-1"]
[WhiteElo "2277"]
[BlackElo "2385"]
[PlyCount "70"]
[EventDate "2011.10.29"]
[EventType "team-tourn"]
[EventRounds "9"]
[WhiteTeam "SK1968"]
[BlackTeam "Bronshoj"]
[WhiteTeamCountry "DEN"]
[BlackTeamCountry "DEN"]

1. d4 g6 2. c4 Bg7 3. e4 d6 4. Nc3 e5 5. d5 f5 6. exf5 gxf5 7. Qh5+ Kf8 8. Qd1
Nf6 9. g3 a5 10. Nf3 Na6 11. Bh3 Nc5 12. O-O f4 13. Bxc8 Qxc8 14. Re1 Bh6 15.
Qe2 Qh3 16. Qf1 Qh5 17. Nd2 Qf5 18. Re2 Kf7 19. Nb5 Rac8 20. Nb3 Nd3 21. Nxa5
Nxc1 22. Rxc1 f3 23. Ree1 Bxc1 24. Rxc1 b6 25. Nc6 h5 26. h4 Rhg8 27. b4 Ne4
28. Kh2 Rg4 29. Nc3 Rxh4+ 30. gxh4 Qf4+ 31. Kh3 Qg4+ 32. Kh2 Qxh4+ 33. Qh3
Qxf2+ 34. Kh1 Ng3+ 35. Qxg3 Qxg3 0-1

[Event "XtraCon-Skakligaen"]
[Site "Denmark"]
[Date "2011.12.04"]
[Round "3.4"]
[White "Hoi, Carsten"]
[Black "Lindfeldt, Jan Magnus"]
[Result "1/2-1/2"]
[WhiteElo "2372"]
[BlackElo "2246"]
[PlyCount "53"]
[EventDate "2011.10.29"]
[EventType "team-tourn"]
[EventRounds "9"]
[WhiteTeam "Bronshoj"]
[BlackTeam "SK1968"]
[WhiteTeamCountry "DEN"]
[BlackTeamCountry "DEN"]

1. d4 Nf6 2. Nf3 g6 3. c4 Bg7 4. Nc3 O-O 5. e4 d6 6. h3 e5 7. d5 Na6 8. Bg5 Qe8
9. g4 Nc5 10. Nd2 a5 11. Qf3 Nfd7 12. Rg1 c6 13. h4 Nb6 14. h5 h6 15. Be3 g5
16. Bxc5 dxc5 17. Qe3 Qe7 18. Nb3 Rd8 19. Qxc5 Qxc5 20. Nxc5 a4 21. b4 axb3 22.
Nxb3 Bf8 23. Kd2 Na4 24. Kc2 Bb4 25. Nxa4 Rxa4 26. Be2 Bd6 27. Rgd1 1/2-1/2

[Event "XtraCon-Skakligaen"]
[Site "Denmark"]
[Date "2011.12.04"]
[Round "3.5"]
[White "Hansen, Lars"]
[Black "Bekker Jensen, David"]
[Result "1-0"]
[WhiteElo "2245"]
[BlackElo "2334"]
[PlyCount "59"]
[EventDate "2011.10.29"]
[EventType "team-tourn"]
[EventRounds "9"]
[WhiteTeam "SK1968"]
[BlackTeam "Bronshoj"]
[WhiteTeamCountry "DEN"]
[BlackTeamCountry "DEN"]

1. e4 c5 2. d3 g6 3. g3 Bg7 4. Bg2 Nc6 5. f4 d6 6. Nf3 e5 7. O-O Nge7 8. c3 O-O
9. Na3 h6 10. f5 d5 11. g4 b6 12. Qe1 Ba6 13. Qh4 Nxf5 14. gxf5 dxe4 15. dxe4
Bxf1 16. Bxf1 gxf5 17. exf5 Qxh4 18. Nxh4 e4 19. Bf4 Rad8 20. Nc4 Bf6 21. Ng2
Bg5 22. Re1 Ne7 23. Rxe4 Nd5 24. Bxg5 hxg5 25. Rg4 f6 26. h4 Kg7 27. hxg5 fxg5
28. Rxg5+ Kf6 29. Rg6+ Kf7 30. Ne5+ 1-0

[Event "XtraCon-Skakligaen"]
[Site "Denmark"]
[Date "2011.12.04"]
[Round "3.6"]
[White "Holmsgaard, Henrik"]
[Black "Christensen, Thomas"]
[Result "1-0"]
[WhiteElo "2320"]
[BlackElo "2257"]
[PlyCount "121"]
[EventDate "2011.10.29"]
[EventType "team-tourn"]
[EventRounds "9"]
[WhiteTeam "Bronshoj"]
[BlackTeam "SK1968"]
[WhiteTeamCountry "DEN"]
[BlackTeamCountry "DEN"]

1. e4 c5 2. c3 Nf6 3. e5 Nd5 4. d4 e6 5. Nf3 cxd4 6. cxd4 b6 7. Nc3 Bb7 8. Bd3
Nxc3 9. bxc3 Qc7 10. Bd2 d5 11. Ng5 g6 12. f4 Nc6 13. O-O Be7 14. Rf3 Na5 15.
Rh3 h6 16. Qg4 Bxg5 17. fxg5 h5 18. Qf4 O-O-O 19. Rf1 Rd7 20. Rhf3 Rg8 21. Qg3
Nc4 22. Bc1 Bc6 23. Qf2 Rg7 24. Bxc4 dxc4 25. Rf4 Qb7 26. Ba3 Be4 27. Qb2 Bf5
28. Bd6 Rh7 29. Qb5 Qd5 30. Qa6+ Rb7 31. h4 Rh8 32. R1f2 Rd8 33. Rb2 Rdd7 34.
Rb5 Rxd6 35. Rxd5 Rxd5 36. Qxc4+ Rc7 37. Qb4 Rdd7 38. c4 Bd3 39. c5 bxc5 40.
dxc5 Ba6 41. c6 Rxc6 42. Qf8+ Kc7 43. Rxf7 Bd3 44. Rxd7+ Kxd7 45. Qf7+ Kc8 46.
Qf3 Rc1+ 47. Kh2 Bf5 48. Qa8+ Kd7 49. Qxa7+ Rc7 50. Qd4+ Kc6 51. a4 Kb7 52. a5
Rf7 53. Qb6+ Ka8 54. a6 Rh7 55. Kg3 Rf7 56. Kf4 Bb1+ 57. Ke3 Bf5 58. Kd4 Rd7+
59. Kc5 Rh7 60. Kb4 Rg7 61. Ka5 1-0

[Event "XtraCon-Skakligaen"]
[Site "Denmark"]
[Date "2011.12.04"]
[Round "3.7"]
[White "Sorensen, Torben Kyhl"]
[Black "Palm, Nikolaj"]
[Result "1/2-1/2"]
[WhiteElo "2237"]
[BlackElo "2253"]
[PlyCount "57"]
[EventDate "2011.10.29"]
[EventType "team-tourn"]
[EventRounds "9"]
[WhiteTeam "SK1968"]
[BlackTeam "Bronshoj"]
[WhiteTeamCountry "DEN"]
[BlackTeamCountry "DEN"]

1. e4 e5 2. Nf3 Nc6 3. Bc4 Bc5 4. c3 d6 5. d4 exd4 6. cxd4 Bb6 7. h3 Nf6 8. Nc3
h6 9. O-O O-O 10. e5 Nh7 11. Nd5 dxe5 12. Nxb6 axb6 13. dxe5 Qxd1 14. Rxd1 Re8
15. Bd2 Be6 16. Bxe6 Rxe6 17. Bc3 Nf8 18. a3 Re7 19. Rd5 Ng6 20. Rad1 Nf4 21.
R5d2 Kf8 22. Kf1 Ng6 23. Rd7 Ke8 24. e6 f6 25. Rxe7+ Ncxe7 26. Rd7 Rc8 27. Bb4
c5 28. Bd2 Rc6 29. Rxb7 1/2-1/2

[Event "XtraCon-Skakligaen"]
[Site "Denmark"]
[Date "2011.12.04"]
[Round "3.8"]
[White "Brinck Claussen, Bjorn"]
[Black "Riis, Jens"]
[Result "1/2-1/2"]
[WhiteElo "2263"]
[BlackElo "2159"]
[PlyCount "124"]
[EventDate "2011.10.29"]
[EventType "team-tourn"]
[EventRounds "9"]
[WhiteTeam "Bronshoj"]
[BlackTeam "SK1968"]
[WhiteTeamCountry "DEN"]
[BlackTeamCountry "DEN"]

1. e4 c6 2. d4 d5 3. Nc3 dxe4 4. Nxe4 Nf6 5. Nxf6+ gxf6 6. Nf3 Bf5 7. Bc4 e6 8.
Bf4 Bd6 9. Bg3 Bxg3 10. hxg3 Nd7 11. Qe2 Qa5+ 12. c3 O-O-O 13. O-O Bg4 14. a4
h5 15. b4 Qf5 16. Bd3 Bxf3 17. Qxf3 Qxf3 18. gxf3 f5 19. Kg2 Nf6 20. Rh1 Nd5
21. Ra3 h4 22. b5 Rdg8 23. c4 hxg3 24. Rxh8 Nf4+ 25. Kg1 gxf2+ 26. Kxf2 Nxd3+
27. Rxd3 Rxh8 28. Ke3 Kd7 29. bxc6+ Kxc6 30. Rb3 b6 31. a5 Rh1 32. axb6 axb6
33. Rb5 Re1+ 34. Kd2 Rf1 35. Ke3 Rc1 36. Kd3 Ra1 37. Rb3 Rc1 38. Rb5 Rd1+ 39.
Ke3 Re1+ 40. Kd2 Rg1 41. d5+ Kc7 42. dxe6 fxe6 43. Re5 Rf1 44. Ke2 Rc1 45. Kd3
Rd1+ 46. Ke2 Rd4 47. c5 Kd7 48. cxb6 Rb4 49. Ra5 Rxb6 50. Ke3 Rb4 51. f4 Re4+
52. Kf3 Ke7 53. Ra8 Kf7 54. Ra1 Rb4 55. Ra7+ Kg6 56. Ra6 Rb3+ 57. Kf2 Kh5 58.
Rxe6 Kg4 59. Ra6 Kxf4 60. Ra4+ Kg5 61. Rc4 f4 62. Rc8 Kg4 1/2-1/2

[Event "XtraCon-Skakligaen"]
[Site "Denmark"]
[Date "2011.12.04"]
[Round "3.1"]
[White "Danielsen, Henrik"]
[Black "Hector, Jonny"]
[Result "0-1"]
[WhiteElo "2543"]
[BlackElo "2575"]
[PlyCount "72"]
[EventDate "2011.10.29"]
[EventType "team-tourn"]
[EventRounds "9"]
[WhiteTeam "BMS"]
[BlackTeam "Nordkalotten"]
[WhiteTeamCountry "DEN"]
[BlackTeamCountry "DEN"]

1. d4 d5 2. c4 c6 3. Nf3 Nf6 4. Nc3 dxc4 5. a4 Bf5 6. e3 e6 7. Bxc4 Bb4 8. O-O
Nbd7 9. Qe2 O-O 10. e4 Bg6 11. Bd3 c5 12. e5 cxd4 13. exf6 dxc3 14. fxg7 Kxg7
15. Rd1 Qc7 16. Bxg6 hxg6 17. Qb5 Bd6 18. Qd3 c2 19. Rd2 Ne5 20. Qxd6 Qxd6 21.
Rxd6 Rfd8 22. Nxe5 Rxd6 23. Kf1 Rd1+ 24. Ke2 Rad8 25. b3 Kg8 26. g3 R8d4 27.
Nc4 Rh1 28. Nd2 g5 29. a5 a6 30. Ke3 e5 31. f4 Rd1 32. Nf3 R4d3+ 33. Ke2 Rxb3
34. Nxe5 Rb1 35. Ra2 Rdxc1 36. Kd2 Ra1 0-1

[Event "XtraCon-Skakligaen"]
[Site "Denmark"]
[Date "2011.12.04"]
[Round "3.3"]
[White "Akdag, Dara Sevkan"]
[Black "Kristensen, Kaare Hove"]
[Result "0-1"]
[WhiteElo "2218"]
[BlackElo "2296"]
[PlyCount "76"]
[EventDate "2011.10.29"]
[EventType "team-tourn"]
[EventRounds "9"]
[WhiteTeam "BMS"]
[BlackTeam "Nordkalotten"]
[WhiteTeamCountry "DEN"]
[BlackTeamCountry "DEN"]

1. d4 d5 2. c4 e6 3. Nc3 c5 4. cxd5 exd5 5. Nf3 Nc6 6. g3 Nf6 7. Bg2 Be7 8. O-O
O-O 9. Na4 c4 10. b3 b5 11. Nc5 Bf5 12. Nh4 Bg4 13. Re1 Rc8 14. bxc4 dxc4 15.
Bb2 Bxc5 16. dxc5 Qxd1 17. Rexd1 b4 18. Rd6 Ne7 19. Bd4 Ne8 20. Ra6 g5 21. Nf3
Nc7 22. Rf6 Ne6 23. Be3 Nd5 24. Rh6 Nxe3 25. fxe3 Kg7 26. Ne5 Kxh6 27. Nxg4+
Kh5 28. Nf6+ Kg6 29. Rf1 Nxc5 30. g4 c3 31. Nd5 a5 32. a3 Rcd8 33. axb4 Rxd5
34. Bxd5 axb4 35. Rc1 Rd8 36. Bc4 f6 37. Kf1 Rb8 38. Rb1 b3 0-1

[Event "XtraCon-Skakligaen"]
[Site "Denmark"]
[Date "2011.12.04"]
[Round "3.4"]
[White "Pedersen, Daniel V"]
[Black "Nielsen, Thomas Bach"]
[Result "1-0"]
[WhiteElo "2283"]
[BlackElo "2219"]
[PlyCount "83"]
[EventDate "2011.10.29"]
[EventType "team-tourn"]
[EventRounds "9"]
[WhiteTeam "Nordkalotten"]
[BlackTeam "BMS"]
[WhiteTeamCountry "DEN"]
[BlackTeamCountry "DEN"]

1. e4 c6 2. d4 d5 3. Nc3 dxe4 4. Nxe4 Bf5 5. Ng3 Bg6 6. Nf3 Nd7 7. h4 h6 8. h5
Bh7 9. Bd3 Bxd3 10. Qxd3 e6 11. Bf4 Ngf6 12. O-O-O Be7 13. Kb1 O-O 14. Ne4 Nd5
15. Bd2 f5 16. Ng3 b5 17. Rhe1 Rf6 18. Nh4 Nf8 19. Nf3 Qb6 20. Ne5 c5 21. Ne2
c4 22. Qf3 Rc8 23. g4 b4 24. g5 hxg5 25. Bxg5 c3 26. Nf4 b3 27. axb3 Nxf4 28.
Bxf6 Bxf6 29. Qxf4 cxb2 30. Kxb2 Qc7 31. Qd2 Nh7 32. f4 a5 33. Ra1 Be7 34. Rxa5
Nf6 35. Ra4 Qb7 36. c4 Ne4 37. Qa5 Rb8 38. Re3 Qc8 39. c5 Bxc5 40. dxc5 Nxc5
41. Rc4 Nd3+ 42. Rxd3 1-0

[Event "XtraCon-Skakligaen"]
[Site "Denmark"]
[Date "2011.12.04"]
[Round "3.5"]
[White "Rostgaard, Tobias Valentin"]
[Black "Hove, Esben Kjems"]
[Result "1-0"]
[WhiteElo "2198"]
[BlackElo "2265"]
[PlyCount "91"]
[EventDate "2011.10.29"]
[EventType "team-tourn"]
[EventRounds "9"]
[WhiteTeam "BMS"]
[BlackTeam "Nordkalotten"]
[WhiteTeamCountry "DEN"]
[BlackTeamCountry "DEN"]

1. d4 d5 2. c4 c6 3. Nf3 Nf6 4. Nc3 dxc4 5. e3 Bf5 6. Bxc4 e6 7. O-O Nbd7 8.
Qe2 Bg4 9. e4 Nb6 10. Bb3 Bxf3 11. Qxf3 Qxd4 12. Rd1 Qe5 13. Be3 Bc5 14. Bxc5
Qxc5 15. Qg3 O-O 16. Rac1 Qb4 17. Re1 Rfd8 18. e5 Ne8 19. Ne4 Nd7 20. Ng5 Nf8
21. Re4 Qd2 22. Rf1 Rd3 23. Qg4 Qxb2 24. Rf4 Rd7 25. Nxf7 Nc7 26. Nh6+ Kh8 27.
Nf7+ Kg8 28. Qh5 Re8 29. Nd6 Ng6 30. Rh4 Nxh4 31. Nxe8 Ng6 32. Nxc7 Rxc7 33.
Bxe6+ Kh8 34. Rd1 Qb4 35. Bf5 Nf8 36. Bxh7 g6 37. Bxg6+ Kg7 38. Bc2 Qf4 39. g3
Qh6 40. Qg4+ Kf7 41. Bb3+ Ke8 42. Rd6 Qh7 43. h4 b5 44. Qg5 Rc8 45. Bg8 Qh8 46.
Rh6 1-0

[Event "XtraCon-Skakligaen"]
[Site "Denmark"]
[Date "2011.12.04"]
[Round "3.6"]
[White "Nielsen, Lars Aaes"]
[Black "Pedersen, Sven"]
[Result "1-0"]
[WhiteElo "2259"]
[BlackElo "2139"]
[PlyCount "91"]
[EventDate "2011.10.29"]
[EventType "team-tourn"]
[EventRounds "9"]
[WhiteTeam "Nordkalotten"]
[BlackTeam "BMS"]
[WhiteTeamCountry "DEN"]
[BlackTeamCountry "DEN"]

1. e4 c5 2. c3 Nf6 3. e5 Nd5 4. Nf3 d6 5. d4 cxd4 6. cxd4 Nc6 7. Bc4 Nb6 8. Bb3
dxe5 9. Nxe5 Nxe5 10. dxe5 Qxd1+ 11. Kxd1 Bd7 12. Nc3 Bc6 13. f3 e6 14. Ke2 Nd7
15. Bf4 h6 16. h4 Be7 17. Rac1 O-O 18. Bg3 a6 19. Rhd1 Rfd8 20. a3 Nc5 21. Bc2
Rxd1 22. Rxd1 Rd8 23. Rc1 Rc8 24. b4 Na4 25. Nxa4 Bxa4 26. Kd2 Rxc2+ 27. Rxc2
Bxc2 28. Kxc2 Kf8 29. h5 Ke8 30. Kd3 Kd7 31. Bf4 Kc6 32. Kc4 Bh4 33. g4 Bf2 34.
g5 b5+ 35. Kd3 Kd5 36. gxh6 gxh6 37. Bxh6 Kxe5 38. Be3 Bxe3 39. Kxe3 Kf6 40. f4
Kg7 41. Kd4 Kf6 42. Ke4 Ke7 43. f5 Kf6 44. fxe6 Kxe6 45. Kf4 Kf6 46. Kg4 1-0

[Event "XtraCon-Skakligaen"]
[Site "Denmark"]
[Date "2011.12.04"]
[Round "3.7"]
[White "Brondt, Nicolai Kvist"]
[Black "Jakobsen, Peter"]
[Result "1/2-1/2"]
[WhiteElo "2133"]
[BlackElo "2230"]
[PlyCount "158"]
[EventDate "2011.10.29"]
[EventType "team-tourn"]
[EventRounds "9"]
[WhiteTeam "BMS"]
[BlackTeam "Nordkalotten"]
[WhiteTeamCountry "DEN"]
[BlackTeamCountry "DEN"]

1. Nf3 d5 2. d4 Nf6 3. c4 e6 4. Bg5 Be7 5. e3 h6 6. Bh4 O-O 7. Nc3 b6 8. Rc1
Bb7 9. cxd5 Nxd5 10. Bxe7 Qxe7 11. Bd3 Rc8 12. O-O c5 13. Nxd5 Bxd5 14. Bb1 Nd7
15. Qd3 Nf6 16. Nd2 Rd8 17. f3 Bb7 18. Ne4 Bxe4 19. fxe4 e5 20. d5 Ne8 21. Qe2
Nd6 22. Bd3 Rac8 23. b3 Qh4 24. g3 Qg5 25. Kg2 Rf8 26. Rf2 Rce8 27. Rcf1 Rd8
28. a4 f5 29. h4 Qg4 30. exf5 Qxe2 31. Rxe2 e4 32. Bc2 Rde8 33. g4 Re5 34. Rd2
h5 35. Rf4 hxg4 36. Rxg4 Rfxf5 37. Rf2 Rxf2+ 38. Kxf2 Rxd5 39. Ke2 Re5 40. Kd2
Kf7 41. Kc3 Kf6 42. b4 cxb4+ 43. Kxb4 a5+ 44. Kc3 Rc5+ 45. Kb3 Re5 46. Kc3 Re7
47. Bb1 Ke5 48. Rg5+ Kf6 49. Rg4 Re5 50. Kd4 Nf5+ 51. Kc3 Nd6 52. Kd4 b5 53.
Rg6+ Kxg6 54. Kxe5 Nc4+ 55. Kd4 Na3 56. Bxe4+ Kf6 57. axb5 Nxb5+ 58. Kc5 Nc3
59. Bc2 Ke5 60. Kc4 Nd5 61. Kb5 Nxe3 62. Bg6 Ng2 63. h5 Nf4 64. Be8 Kf6 65.
Kxa5 Kg5 66. Kb4 Nxh5 67. Kc3 Nf6 68. Bc6 Kf4 69. Kd2 g5 70. Ke2 g4 71. Kf2 g3+
72. Kg2 Ng4 73. Bb7 Ne5 74. Ba8 Nd3 75. Bb7 Ne1+ 76. Kg1 Nf3+ 77. Bxf3 Kxf3 78.
Kf1 g2+ 79. Kg1 Kg3 1/2-1/2

[Event "XtraCon-Skakligaen"]
[Site "Denmark"]
[Date "2011.12.04"]
[Round "3.8"]
[White "Ejsing, Esben"]
[Black "Haubro, Martin"]
[Result "1-0"]
[WhiteElo "2092"]
[BlackElo "2050"]
[PlyCount "103"]
[EventDate "2011.10.29"]
[EventType "team-tourn"]
[EventRounds "9"]
[WhiteTeam "Nordkalotten"]
[BlackTeam "BMS"]
[WhiteTeamCountry "DEN"]
[BlackTeamCountry "DEN"]

1. c4 e5 2. g3 Nc6 3. Bg2 g6 4. Nc3 Bg7 5. d3 d6 6. Rb1 a5 7. a3 Nce7 8. b4
axb4 9. axb4 c6 10. e4 Be6 11. Nf3 h6 12. O-O f5 13. c5 Nf6 14. exf5 gxf5 15.
d4 e4 16. Nh4 O-O 17. Bf4 dxc5 18. bxc5 Nfd5 19. Bd2 Nxc3 20. Bxc3 Nd5 21. Ba1
Rf7 22. Ng6 Qa5 23. Qh5 Kh7 24. Nh4 Kg8 25. Bh3 Raf8 26. Rfc1 Qd8 27. Ng6 Re8
28. Ne5 Bxe5 29. dxe5 Qg5 30. Qxg5+ hxg5 31. Bg2 g4 32. h3 gxh3 33. Bxh3 Kg7
34. Re1 Ra8 35. Re2 Ra4 36. Reb2 Kg6 37. Rd2 Rc4 38. Bd4 Rd7 39. Bf1 Ra4 40.
Be3 Rb4 41. Rxb4 Nxb4 42. Rd6 Kf7 43. Be2 Rxd6 44. exd6 Ke8 45. Kf1 Kd7 46. Bd1
Bc4+ 47. Ke1 Nd5 48. Bd4 Ba6 49. Bh5 b6 50. Bg6 bxc5 51. Bxc5 Ke6 52. Bxf5+ 1-0